00258nam a2200109Ia 4500008004100000100001400041245003000055260002700085650001400112942000700126999001500133190216s9999||||xx |||||||||||||| ||und|| aLewis C S 0aTheory Of Economic Growth bGeorge Allen And Unwin aEconomics cBK c9374d9374